| 000 | 00608nam a2200217Ia 4500 | ||
|---|---|---|---|
| 001 | 8015 | ||
| 003 | GE_BSU | ||
| 008 | 181216s||||||||xx |||||||||||||| ||und|| | ||
| 040 | _cGE_BSU | ||
| 080 | _a624.15 | ||
| 100 | _aКостерин,Э.В. | ||
| 245 | _aОснования и фундаменты. | ||
| 245 | _bУчебн. | ||
| 245 | _cРед.Ж.А.Беспалько. | ||
| 260 | _aМ. | ||
| 260 | _bВысшая школа. | ||
| 260 | _c1966. | ||
| 300 | _a453стр.с илл. 22см. Библиогр.:стр.453-455. | ||
| 653 | _aОснования и фундаменты. | ||
| 942 | _cBK | ||
| 999 |
_c41357 _d41357 |
||